000
00312 a2200109 4500
001
ART_41493
005
20260410162002.0
008
260409a
245
1
0
_a
Reforma constitucional de 1994
100
1
_a
Badeni, Gregorio
773
0
_t
Pensar en derecho
_g
- Año 3, Nº 5 (feb. 2015)
_w
REV28996
999
_c
31336
_d
31336